Việt Nam kiên quyết không để một tấc đất, tấc biển nào bị xâm phạm

Tập hợp những bài viết quan trọng, những phân tích đánh giá chính xác của các chuyên gia, nhà khoa học, nhà văn, các phóng viên báo trực tiếp tác nghiệp trên Biển Đông, nhằm phán ánh cuộc sống, chiến đấu của bộ đội, cư dân Trường Sa và t...

Cijeli opis

Spremljeno u:
Bibliografski detalji
Format: Knjiga
Jezik:Undetermined
Izdano: Hà Nội Văn học 2014
Teme:
Oznake: Dodaj oznaku
Bez oznaka, Budi prvi tko označuje ovaj zapis!
Thư viện lưu trữ: Trung tâm Học liệu Trường Đại học Cần Thơ
LEADER 01229nam a2200205Ia 4500
001 CTU_202251
008 210402s9999 xx 000 0 und d
020 |c 70000 
082 |a 320.1509597 
082 |b V308 
245 0 |a Việt Nam kiên quyết không để một tấc đất, tấc biển nào bị xâm phạm 
245 0 |c Nguyễn Thái Anh, Quốc Dũng (Tuyển chọn, biên soạn) 
260 |a Hà Nội 
260 |b Văn học 
260 |c 2014 
520 |a Tập hợp những bài viết quan trọng, những phân tích đánh giá chính xác của các chuyên gia, nhà khoa học, nhà văn, các phóng viên báo trực tiếp tác nghiệp trên Biển Đông, nhằm phán ánh cuộc sống, chiến đấu của bộ đội, cư dân Trường Sa và thể hiện ý chí kiên quyết bảo vệ chủ quyền biển đảo của quân, dân ta. 
650 |a Đảo Hoàng Sa,Truong Sa island,Hoang Sa island,Territorial,Chủ quyền,Đảo Trường Sa 
650 |x History,Lịch sử 
904 |i Tuyến 
980 |a Trung tâm Học liệu Trường Đại học Cần Thơ